Losowe państwa ukryte na mapie świata - Statystyki

Ogólne statystyki
  • Ten quiz został rozwiązany 4 612 razy
  • Średni wynik to 10 z 15
Odpowiedzi na mapie
Odpowiedzi zakodowano w zielono-czerwonej skali na mapie do tego quizu, zgodnie z poniższymi procentami.
 
Statystyki odpowiedzi
Państwo % Poprawnych
Polska
95%
Stany Zjednoczone
95%
Rosja
94%
Chiny
92%
Brazylia
90%
Hiszpania
88%
Australia
87%
Egipt
87%
Indie
87%
Niemcy
87%
Turcja
86%
Ukraina
86%
Włochy
86%
Kazachstan
85%
Maroko
85%
Arabia Saudyjska
84%
Grecja
84%
Kanada
84%
Meksyk
84%
Algieria
83%
Francja
83%
Indonezja
83%
Chile
82%
Kuba
82%
Litwa
82%
Wielka Brytania
82%
Libia
81%
Portugalia
81%
Węgry
81%
Chorwacja
80%
Czechy
80%
Izrael
80%
Japonia
80%
Iran
79%
Laos
79%
Mongolia
79%
Rumunia
79%
Szwecja
79%
Austria
78%
Dania
78%
Peru
78%
Słowacja
78%
Sudan
78%
Szwajcaria
78%
Holandia
77%
Kolumbia
77%
Wenezuela
77%
Filipiny
76%
Panama
76%
Somalia
76%
Tunezja
76%
Albania
75%
Estonia
75%
Irak
75%
Irlandia
75%
Republika Południowej Afryki
75%
Serbia
75%
Białoruś
74%
Bułgaria
74%
Gruzja
74%
Norwegia
74%
Pakistan
74%
Paragwaj
74%
Słowenia
74%
Syria
74%
Łotwa
73%
Macedonia Północna
73%
Mjanma
73%
Mołdawia
73%
Niger
73%
Bośnia i Hercegowina
72%
Nepal
72%
Oman
72%
Sri Lanka
72%
Wietnam
72%
Argentyna
71%
Bangladesz
71%
Demokratyczna Republika Konga
71%
Erytrea
71%
Madagaskar
71%
Tajwan
71%
Uzbekistan
71%
Boliwia
70%
Jemen
70%
Korea Północna
70%
Kosowo
70%
Malta
70%
Tajlandia
70%
Afganistan
69%
Angola
69%
Belgia
69%
Czad
69%
Mauretania
69%
Bahamy
68%
Etiopia
68%
Finlandia
68%
Korea Południowa
68%
Mali
68%
Papua-Nowa Gwinea
68%
Tadżykistan
68%
Armenia
67%
Gujana
67%
Jordania
67%
Kenia
67%
Kirgistan
67%
Surinam
67%
Ekwador
66%
Kuwejt
66%
Malezja
66%
Namibia
66%
Nigeria
66%
Turkmenistan
66%
Benin
65%
Botswana
65%
Haiti
65%
Honduras
65%
Nikaragua
65%
Republika Środkowoafrykańska
65%
Senegal
65%
Dominikana
64%
Gwinea Równikowa
64%
Islandia
64%
Kamerun
64%
Urugwaj
64%
Azerbejdżan
63%
Lesotho
63%
Sudan Południowy
63%
Tanzania
63%
Zjednoczone Emiraty Arabskie
63%
Gabon
62%
Kambodża
62%
Togo
62%
Wyspy Świętego Tomasza i Książeca
62%
Ghana
61%
Kongo
61%
Malawi
61%
Mozambik
61%
Kostaryka
60%
Uganda
60%
Malediwy
59%
Republika Zielonego Przylądka
59%
Wybrzeże Kości Słoniowej
59%
Gwatemala
58%
Belize
57%
Burkina Faso
57%
Jamajka
57%
Mikronezja
57%
Seszele
57%
Zambia
57%
Eswatini
56%
Liberia
55%
Gwinea
54%
Komory
54%
Zimbabwe
54%
Gwinea Bissau
53%
Wyspy Salomona
53%
Burundi
52%
Mauritius
51%
Rwanda
51%
Salwador
50%
Sierra Leone
50%
Palau
46%
Nauru
43%
Kiribati
42%
Vanuatu
42%
Wyspy Marshalla
41%
Fidżi
38%
Nowa Zelandia
38%
Tuvalu
34%
Tonga
22%
Samoa
19%
Nie znaleziono quizów pasujących do podanych kryteriów
Rozkład punktacji
Procent ludzi z każdym wynikiem
Percentyl według liczby udzielonych odpowiedzi
Twoja historia wyników
Nie rozwiązałeś tego quizu